Bytový dom

Salvato in:
Dettagli Bibliografici
Autore principale: Haršányi, Erik (Autore)
Altri autori: Vavrovič, Boris (Relatore della tesi)
Natura: Manoscritto Libro
Lingua:slovacco
Pubblicazione: 2024
Soggetti:
Accesso online:http://is.stuba.sk/zp/portal_zp.pl?podrobnosti=161865
https://opac.crzp.sk/?fn=detailBiblioForm&sid=F0082B7A009D1614B1C51BB883AC
Tags: Aggiungi Tag
Nessun Tag, puoi essere il primo ad aggiungerne!!

MARC

LEADER 00000ntm a22000003a 4500
001 stuzp98399
003 SK-STU
005 20240916143621.6
007 ta
008 150427s2015----xo-----f-mn---000-0-slo-d
040 |a STU  |b slo 
041 0 |a slo 
100 1 |a Haršányi, Erik  |u 010180  |4 aut  |U SvF Stavebná fakulta  |T SvF Katedra konštrukcií pozemných stavieb  |X 110128  |U V180  |Y 18  |7 110128 
242 0 1 |a Flat building  |y eng 
245 1 0 |a Bytový dom 
260 |c 2024 
650 4 |a udržateľnosť  |2 slo 
650 4 |a novostavba  |2 slo 
650 4 |a bytový dom  |2 slo 
650 4 |a new building  |2 eng 
650 4 |a sustainability  |2 eng 
650 4 |a flat house  |2 eng 
700 1 |a Vavrovič, Boris  |u 010180  |k Z1  |4 ths  |U SvF Stavebná fakulta  |T SvF Katedra konštrukcií pozemných stavieb  |X 619  |U V180  |Y 18  |7 A000000619 
856 4 |u http://is.stuba.sk/zp/portal_zp.pl?podrobnosti=161865 
856 4 |u https://opac.crzp.sk/?fn=detailBiblioForm&sid=F0082B7A009D1614B1C51BB883AC